Who is that Korean Actor? - Statistics

General Stats
  • This quiz has been taken 57 times
  • The average score is 4 of 9
Answer Stats
Picture Answer % Correct
Gong Yoo
90%
Park Seo-Joon
77%
Lee Jung-Jae
52%
Lee Byung-Hun
46%
Yoo Ah-In
38%
Steven Yeun
27%
Song Kang-Ho
17%
Choi Min-Sik
8%
Don Lee
8%
No matching quizzes found
Score Distribution
Percent of People with Each Score
Percentile by Number Answered
Your Score History
You have not taken this quiz